| 000 | 004090000a22001690004500 | ||
|---|---|---|---|
| 003 | MACL | ||
| 005 | 20150728143010.0 | ||
| 008 | 150728b xxu||||| |||| 00| 0 eng d | ||
| 040 |
_aMACL _cMACL |
||
| 041 | _aEnglish | ||
| 082 | _a400/NEE | ||
| 100 |
_aNeelam _92873 |
||
| 245 | _aModern Indian Alphabet | ||
| 260 |
_aDelhi _bAll India Educational Supply Co. |
||
| 650 |
_aLanguage _981 |
||
| 942 |
_cBK _k400 _2ddc |
||
| 999 |
_c3602 _d3602 |
||